| 000 | 00692nam a22002057a 4500 | ||
|---|---|---|---|
| 999 |
_c1831 _d1831 |
||
| 003 | AR-CdUCM | ||
| 008 | 190228b ||||| |||| 00| 0 spa d | ||
| 040 |
_aMUNICIPALIDAD PROVINCIAL DEL CUSCO _cBIBLIOTECA MUNICIPAL DEL CUSCO |
||
| 082 |
_a355.021 / _bW17 |
||
| 100 |
_aWaltz, Kenneth N. _94987 |
||
| 245 | _aEl hombre, el estado y la guerra / | ||
| 260 |
_aBuenos Aires : _bNova , _c1959 |
||
| 300 |
_a263 páginas ; _c22 cm. |
||
| 505 | _aLa primera imagen -- Algunas inferencias de la primera imagen -- La segunda imagen... | ||
| 650 |
_aSocialismo. _91037 |
||
| 650 |
_aAnarquía. _96714 |
||
| 650 |
_aConflicto internacional. _96715 |
||
| 942 |
_2ddc _cLIBROS |
||
| 945 |
_awfj _d2019-02-28 |
||